000 00239nam a22000977a 4500
008 160512b xxu||||| |||| 00| 0 eng d
041 _aeng
080 _a616.12
245 _aDiseases of the heart:
_cCharles K. Friedberg M.D;
942 _2udc
_cBK
999 _c2102
_d2102